00000000cam 2200000zi 4500
0019.951452
003CaOODSP
00520260211130823
006m     o  d f      
007cr cn|||||||||
008250528t20252025oncao   ob   f000 0 eng d
020 |a9780660774572
040 |aCaOODSP|beng|erda|cCaOODSP
043 |an-cn---
0861 |aT29-42/2025E-PDF
24503|aAn owner's guide to private buoys : |bnavigation protection program.
24617|aGuide to private buoys in Canada
250 |a[2025 edition]
264 1|a[Ottawa] : |bTransport Canada = Transports Canada, |c[2025]
264 4|c©2025
300 |a1 online resource (23 pages) : |billustrations, photographs
336 |atext|btxt|2rdacontent
337 |acomputer|bc|2rdamedia
338 |aonline resource|bcr|2rdacarrier
500 |aCover title.
500 |aIssued also in French under title: Bouées privées guide du propriétaire : programme de protection de la navigation.
500 |a"TP No. 14799E."
504 |aIncludes bibliographical references (page 23).
520 |a"In Canada’s marine navigation system, buoys are important to the safety and well-being of the boating community. Persons, organizations, corporations, or other groups may place "private buoys" on the water to communicate with other mariners"--Introduction, page 2.
530 |aIssued also in printed form.
650 0|aBuoys|zCanada.
650 0|aFishing boats|zCanada|xSafety measures.
7101 |aCanada. |bTransport Canada, |eissuing body.
77508|tBouées privées guide du propriétaire : |w(CaOODSP)9.951453
795 |tAn owner's guide to private buoys : |b[2021 edition]|w(CaOODSP)9.887498
85640|qPDF|s1.03 MB|uhttps://publications.gc.ca/collections/collection_2026/tc/T29-42-2025-eng.pdf